Saoût Y., Le bon Samaritain, coll. Évangiles, Paris, Bayard, 2007, 21x15, 197 p., 19.90 €. ISBN 978-2-227-47639-4 (notice n° 1622259)
[ vue normale ]
| 000 -LEADER | |
|---|---|
| fixed length control field | 01333cam a2200169 4500500 |
| 005 - DATE AND TIME OF LATEST TRANSACTION | |
| control field | 20260111091900.0 |
| 041 ## - LANGUAGE CODE | |
| Language code of text/sound track or separate title | fre |
| 042 ## - AUTHENTICATION CODE | |
| Authentication code | dc |
| 100 10 - MAIN ENTRY--PERSONAL NAME | |
| Personal name | Radermakers, Jean |
| Relator term | author |
| 245 00 - TITLE STATEMENT | |
| Title | Saoût Y., Le bon Samaritain, coll. Évangiles, Paris, Bayard, 2007, 21x15, 197 p., 19.90 €. ISBN 978-2-227-47639-4 |
| 260 ## - PUBLICATION, DISTRIBUTION, ETC. | |
| Date of publication, distribution, etc. | 2009.<br/> |
| 500 ## - GENERAL NOTE | |
| General note | 46 |
| 520 ## - SUMMARY, ETC. | |
| Summary, etc. | Faut-il, pour entrer dans l’ordre des vierges (voire, y rester), une intégrité physique certaine ? Augustin, Chrysostome et Pierre Damien orientant cette délicate question vers la foi en la résurrection de la chair. Car, demande le Traité sur la Toute-Puissance divine de ce dernier : « qu’y a-t-il que Dieu ne puisse produire par une création nouvelle ? ». |
| 520 ## - SUMMARY, ETC. | |
| Summary, etc. | In order to enter into the order of virgins (even to stay there), must there be an assured physical intgrity ? Augustine, Chrysostom and Peter Damien bring this delicate question around to faith in the resurrection of the flesch. The latter’s Treatise on the Divine Omnipotence asks : « what is there that God cannot produce by a new creation ? ». |
| 786 0# - DATA SOURCE ENTRY | |
| Note | Nouvelle revue théologique | 131 | 3 | 2009-08-03 | p. 645ze-663ze | 0029-4845 |
| 856 41 - ELECTRONIC LOCATION AND ACCESS | |
| Uniform Resource Identifier | <a href="https://shs.cairn.info/revue-nouvelle-revue-theologique-2009-3-page-645ze?lang=fr&redirect-ssocas=7080">https://shs.cairn.info/revue-nouvelle-revue-theologique-2009-3-page-645ze?lang=fr&redirect-ssocas=7080</a> |
Pas d'exemplaire disponible.




Réseaux sociaux